000 00276nam a22001097a 4500
008 160523b xxu||||| |||| 00| 0 eng d
020 _a0735714118
041 _aeng
080 _a778
245 _aThe photoshop cs book for digital photographers:
_cScott Kelby;
942 _2udc
_cBK
999 _c2362
_d2362